000 00388nam a2200145Ia 4500
008 100122s9999 xx 000 0 und d
082 _b38393
_a923.254
100 _aफाटे शाहिर
245 _aभटकंती
260 _bकिरण प्रकाशन
_c1905
300 _a67
630 _aभटकंती
730 _aभटकंती
942 _cBOOK
999 _c420573
_d420570